000 00418nam a2200145Ia 4500
008 220204s9999 xx 000 0 und d
082 _a579.22
_bBAC.7
245 0 _aBacteria: A treatise on structure and function. V 7. Mechanisms of adaptation
260 _aNew York
_bAcademic
_c1979
650 _aBacteria
650 _aBacterial adaptation
650 _aNitrogen fixation
700 _aGUNSALUS, I C
942 _cBK
999 _c33353
_d33353